| 000 | 02179cam a22002657a 4500 | ||
|---|---|---|---|
| 001 | 14887903 | ||
| 003 | OSt | ||
| 005 | 20231031111830.0 | ||
| 008 | 070612s2007 mou f 000 0 eng d | ||
| 020 | _a9780323088985 | ||
| 040 | _cLC | ||
| 050 | 0 | 0 | _aRT51.P36 |
| 100 |
_a Perry, Anne Griffin _9110 |
||
| 245 | 1 | 0 |
_aSkills performance checklists for clinical nursing skills & techniques _cAnne Griffin Perry, Patricia A. Potter, Wendy Ostendorf. |
| 250 | _a8th ed. | ||
| 260 |
_aMaryland heights, Missouri: _bMosby Elsevier, _c2014. |
||
| 300 |
_aviii, 616 p. ; _c28 cm. |
||
| 505 | _aContents: Using evidence in practice(no checklists in this chapter) -- Admitting, transfer and discharge -- Communication -- Documentation and informatics -- Vital signs -- Health assessment -- Medical asepsis -- Sterile technique -- Safe patient handling, transfer and positioning -- Exercise and ambulation -- Orthopedic measures -- Support surfaces and special beds -- Safety and quality improvement -- Disaster preparedness -- Pain assessment and basic comfort measures -- Palliative care -- Personal hygiene and bed making -- Pressure ulcer care -- Care of the eye and ear -- Safe medicine preparation(no checklists in this chapter) -- Oral and topical medications -- Parenteral medications -- Oxygen therapy -- Performing chest physiotherapy -- Airway management -- Closed chest drainage systems -- Emergency measures for life support -- Intravenous and vascular access therapy -- Blood transfusions -- Oral nutrition -- Enteral nutrition -- Parental nutrition -- Urinary elimination -- Bowel elimination and gastric intubation -- Ostomy care -- Preoperative and postoperative care -- intraoperative care -- Wound care and irrigations -- Dressings, bandages and binders -- Therapeutic use of heat and cold -- Home care safety -- Home care teaching -- Specimen collection -- Diagnostic procedures -- | ||
| 650 | 0 |
_aNursing _vHandbooks, manuals, etc. _9194 |
|
| 700 |
_a Potter, Patricia A. _9195 |
||
| 700 |
_aOstendorf, Wendy _9196 |
||
| 942 |
_2lcc _cBK |
||
| 999 |
_c9151 _d16651 |
||